Chansons numéro 1 du Top 50 depuis 1984 - Statistiques

Statistiques générales
  • Ce quiz a été pris 96 fois
  • Le résultat moyen est 25 sur 418
Statistiques - réponses
Décennie Titres numéros 1 du Top 50 en France % Correct
Années 2020 On (BTS feat. Sia)
88%
Années 1990 You (Ten Sharp)
49%
Années 2000 Elle (Melissa M)
44%
Années 2000 La Musique (Star Academy 1)
32%
Années 1980 Besoin de rien, envie de toi (Peter et Sloane)
29%
Années 2000 Seul (Garou)
29%
Années 2010 Baby (Justin Bieber feat. Ludacris)
27%
Années 1980 L'Aziza (Daniel Balavoine)
27%
Années 1980 Les Démons de minuit (Images)
27%
Années 2010 Despacito (Luis Fonsi feat. Daddy Yankee)
24%
Années 1980 Lambada (Kaoma)
24%
Années 2000 Marie (Johnny Hallyday)
24%
Années 1990 Pour que tu m'aimes encore (Céline Dion)
24%
Années 1990 Désenchantée (Mylène Farmer)
22%
Années 1990 Je danse le mia (IAM)
22%
Années 1980 Je te donne (Jean-Jacques Goldman & Michael Jones)
22%
Années 2010 Papaoutai (Stromae)
22%
Années 1990 Belle (Daniel Lavoie & Patrick Fiori & Garou)
20%
Années 1990 Bo le lavabo (Lagaf)
20%
Années 1980 Boys (Sabrina Carpenter)
20%
Années 2010 Formidable (Stromae)
20%
Années 1990 I Will Always Love You (Whitney Houston)
20%
Années 1980 Joe le taxi (Vanessa Paradis)
20%
Années 1990 Macarena (Los del Rio)
20%
Années 1990 My Heart Will Go On (Céline Dion)
20%
Années 1980 T'en va pas (Elsa)
20%
Années 2010 Alors on danse (Stromae)
17%
Années 2000 Cassé (Nolwenn Leroy)
17%
Années 1980 En rouge et noir (Jeanne Mas)
17%
Années 2010 Happy (Pharell Williams)
17%
Années 2000 La Boulette (Diam's)
17%
Années 2000 One More Time (Daft Punk)
17%
Années 1980 Viens boire un p'tit coup à la maison (Licence IV)
17%
Années 1990 ...Baby One More Time (Britney Spears)
15%
Années 2010 Come (Jain)
15%
Années 1980 Etienne (Guesch Patti)
15%
Années 2000 Fan (Pascal Obispo)
15%
Années 2010 Hello (Adèle)
15%
Années 2010 I Will survivre (Hermes House Band)
15%
Années 2000 J'ai demandé à la lune (Indochine)
15%
Années 1980 Johnny, Johnny (Jeanne Mas)
15%
Années 1980 La isla bonita (Madonna)
15%
Années 2010 Libertine (Mylène Farmer)
15%
Années 1980 Nuit de folie (Début de soirée)
15%
Années 1980 Pour toi Arménie (Charles Aznavour)
15%
Années 1990 Savoir aimer (Florent Pagny)
15%
Années 2010 Sur ma route (Black M)
15%
Années 1980 The Final Countdown (Europe)
15%
Années 2010 Waka Waka (Shakira feat. Freshlyground)
15%
Années 1980 We Are the World (USA for Africa)
15%
Années 1990 Believe (Cher)
12%
Années 1990 Blue (Eiffel 65)
12%
Années 1990 Can You Feel the Love Tonight (Elton John)
12%
Années 2000 Ces soirées-là (Yannick)
12%
Années 2010 Diamonds (Rihanna)
12%
Années 1980 Ethiopie (Chanteurs sans Frontières)
12%
Années 2010 Get Lucky (Daft Punk feat. Pharrell Williams & Nile Rodgers)
12%
Années 2010 J'me tire (Maître Gims)
12%
Années 1990 Le Chat (Pow Wow)
12%
Années 1980 Ouragan (Stéphanie)
12%
Années 2000 Poker Face (Lady Gaga)
12%
Années 2000 Sous le vent (Garou & Céline Dion)
12%
Années 1990 What Is Love (Haddaway)
12%
Années 1990 Zombie (The Cranberries)
12%
Années 1990 Alane (Wes)
10%
Années 2010 Bad Romance (Lady Gaga)
10%
Années 1990 Barbie Girl (Aqua)
10%
Années 1990 Black or White (Michael Jackson)
10%
Années 2000 Chihuahua (DJ Bobo)
10%
Années 2010 Dangerous (David Guetta feat. Sam Martin)
10%
Années 2000 Dangerous (M. Pokora feat. Timbaland & Sebastian)
10%
Années 1980 Eve lève-toi (Julie Pietri)
10%
Années 2010 Je te promets (Johnny Hallyday)
10%
Années 2010 La Même (Maître Gims & Vianney)
10%
Années 1990 La Tribu de Dana (Manau)
10%
Années 1990 La Zoubida (Lagaf)
10%
Années 1990 Les Valses de Vienne (François Feldman)
10%
Années 2020 Mais je t'aime (Grand Corps Malade & Camille Lellouche)
10%
Années 1990 Maldon (Zouk machine)
10%
Années 2000 Ma liberté de penser (Florent Pagny)
10%
Années 1990 Mambo No 5 (Lou Bega)
10%
Années 1990 No Limit (2 Unlimited)
10%
Années 2000 On s'attache (Christophe Maé)
10%
Années 1980 Pourvu qu'elles soient douces (Mylène Farmer)
10%
Années 1990 Qui a le droit... (Patrick Bruel)
10%
Années 2010 Shape of You (Ed Sheeran)
10%
Années 1990 Soca Dance (Charles D.Lewis)
10%
Années 2010 Someone Like You (Adèle)
10%
Années 2010 Wake Me Up! (Avicii feat. Aloe Blacc)
10%
Années 1990 XXL (Mylène Farmer)
10%
Années 1990 Auteuil, Neuilly, Passy (Les Inconnus)
7%
Années 2010 Balance ton quoi (Angèle)
7%
Années 1990 Candle in the Wind 1997 (Elton John)
7%
Années 1990 Dieu m'a donné la foi (Ophélie Winter)
7%
Années 2000 Double je (Christophe Willem)
7%
Années 1990 (Everything I Do) I Do It for You (Bryan Adams)
7%
Années 2000 Femme Like U (K-Maro)
7%
Années 1990 Foule Sentimentale (Alain Souchon)
7%
Années 1990 Freed from Desire (Gala)
7%
Années 2000 Garçon (Koxie)
7%
Années 1980 Ghostbusters (Ray Parker Jr)
7%
Années 1980 High (David Hallyday)
7%
Années 2000 Hips Don't Lie (Shakira feat. Wyclef Jean)
7%
Années 1990 I Can See Clearly Now (Jimmy Cliff)
7%
Années 2010 Je l'aime à mourir (Shakira)
7%
Années 1990 Je sais pas (Céline Dion)
7%
Années 1980 Johnny, Johnny Come Home (Avalanche)
7%
Années 1990 Joy (François Feldman)
7%
Années 2000 Les Rois du monde (Philippe d'Avilla & Damien Sargue & Grégori Baquet)
7%
Années 1980 Live is Life (Opus)
7%
Années 1990 Maria (Ricky Martin)
7%
Années 1980 N'importe quoi (Florent Pagny)
7%
Années 2000 Parle à ma main (Fatal Bazooka feat. Yelle)
7%
Années 2010 Party Rock Anthem (LMFAO feat. Lauren Bennett & GoonRock)
7%
Années 2010 Ramenez la coupe à la maison (Vegedream)
7%
Années 2010 Shallow (Lady Gaga & Bradley Cooper)
7%
Années 1990 Smells Like Teen Spirit (Nirvana)
7%
Années 1980 Square Rooms (Al Colrey)
7%
Années 1980 Tarzan Boy (Baltimora)
7%
Années 1990 Tomber la chemise (Zebda)
7%
Années 2010 Tous les mêmes (Stromae)
7%
Années 1990 Tu m'oublieras (Larusso)
7%
Années 1980 Un roman d'amitié (Glenn Medeiros & Elsa)
7%
Années 2000 Whenever, Wherever (Shakira)
7%
Années 1980 When the Rain Begins to Fall (Jermaine Jackson & Pia Zadora)
7%
Années 2010 Work (Rihanna feat. Drake)
7%
Années 2000 4 mots sur un piano (Patrick Fiori & Jean-Jacques Goldman & Christine Ricol)
5%
Années 1990 7 Seconds (Youssou N'Dour & Neneh Cherry)
5%
Années 1990 Aicha (Khaled)
5%
Années 1990 Alison (Jordy)
5%
Années 2010 Alright (Jain)
5%
Années 1980 Amor de mis amores (Paco)
5%
Années 1990 A toutes les filles... (Félix Gray & Didier Barbelivien)
5%
Années 1990 Au nom de la rose (Moos)
5%
Années 2010 Avenir (Louane)
5%
Années 2010 Balada (Gusttavo Lima)
5%
Années 2010 Call Me Maybe (Carly Rae Jepsen)
5%
Années 2000 Ca m'énerve (Helmut Fritz)
5%
Années 1980 Capitaine abandonné (Gold)
5%
Années 2010 Chandelier (Sia)
5%
Années 2010 Cheap Thrills (Sia feat. Sean Paul)
5%
Années 1990 Children (Robert Miles)
5%
Années 1980 Coeur de loup (Philippe Lafontaine)
5%
Années 2000 Coup de boule (La Plage)
5%
Années 1990 Darla dirladada (Les G.O. Cul-Ture)
5%
Années 1990 Don't Cry for Me Argentina (Madonna)
5%
Années 1990 Don't Let the Sun Go Down on Me (George Michael & Elton John)
5%
Années 2000 Don't Stop the Music (Rihanna)
5%
Années 1990 Dur dur d'être bébé! (Jordy)
5%
Années 2020 Dynamite (BTS)
5%
Années 1990 Encores (Dire Straits)
5%
Années 2000 Fous ta cagoule (Fatal Bazooka)
5%
Années 2010 Game Over (Vitaa feat. Maître Gims)
5%
Années 2010 Gangnam Style (Psy)
5%
Années 1990 Gangsta's Paradise (Coolio feat. L.V.)
5%
Années 2010 Goodbye (Feder feat. Lyse)
5%
Années 1990 Happy Nation (Ace of Base)
5%
Années 1980 Hélène (Roch Voisine)
5%
Années 2000 Hey oh (Tragedie)
5%
Années 1980 Holiday Rap (MC Miker G & Deejay Sven)
5%
Années 2010 Homeless (Marina Kaye)
5%
Années 2000 Hung Up (Madonna)
5%
Années 1990 Il faut laisser le temps au temps (Félix Gray & Didier Barbelivien)
5%
Années 1990 I Like to Move It (Reel 2 Real feat. The Mad Stuntman)
5%
Années 1990 It's Alright (East 17)
5%
Années 2000 It's Raining Men (Geri Halliwell)
5%
Années 1980 J'ai faim de toi (Sandy)
5%
Années 2020 Jerusalema (Master KG feat. Burna Boy & Nomcebo Zikode)
5%
Années 1990 Kingston Town (UB40)
5%
Années 1980 La bamba (Los Lobos)
5%
Années 2000 La camisa negra (Juanes)
5%
Années 1990 Le Temps des yéyés (Les Vagabonds)
5%
Années 2000 Liberta (Pep's)
5%
Années 1990 Living on My Own (Freddie Mercury)
5%
Années 2000 L'orange (Star Academy 3)
5%
Années 1980 Lover Why (Century)
5%
Années 2000 Mauvaise foi nocturne (Fatal Bazooka feat. Vitoo)
5%
Années 1980 Megamix (Boney M)
5%
Années 1990 Men in Black (Will Smith)
5%
Années 1990 Mets de l'huile (Regg'Lyss)
5%
Années 2000 Move Your body (Eiffel 65)
5%
Années 1980 Nothing's Gonna Change My Love for You (Glenn Medeiros)
5%
Années 1980 On se retrouvera (Francis Lalanne)
5%
Années 2010 On The Floor (Jennifer Lopez feat. Pitbull)
5%
Années 1980 Papa chanteur (Jean-Luc Lahaye)
5%
Années 2000 Paris Latino (Star Academy 2)
5%
Années 2010 Perfect (Ed Sheeran)
5%
Années 1990 Petit Frank (François Feldman)
5%
Années 1990 Please Forgive Me (Bryan Adams)
5%
Années 2010 Price Tag (Jessie J feat. B.o.B)
5%
Années 2010 Purple Rain (Prince & The Revolution)
5%
Années 1990 Sacrifice (Elton John)
5%
Années 1990 Sadeness Part I (Enigma)
5%
Années 2000 Santiano (Star Academy 5)
5%
Années 1990 Scatman (Scatman John)
5%
Années 1990 Scatman's World (Scatman John)
5%
Années 2010 Senorita (Shawn Mendes & Camila Cabello)
5%
Années 2000 Sexy pour moi (Tragedie)
5%
Années 1990 Short Dick Man (20 Fingers feat. Gillette)
5%
Années 2000 Shut Up (The Black Eyed Peas)
5%
Années 2010 Skyfall (Adèle)
5%
Années 1990 Song of Ocarina (Jean-Philippe Audin & Diego Modena)
5%
Années 2000 Stach stach (Bratisla Boys)
5%
Années 1990 Streets of Philadelphia (Bruce Springsteen)
5%
Années 1980 Swing the mood (Jive Bunny and the Mastermixers)
5%
Années 2000 Tatoue-moi (Mikelangelo Loconte)
5%
Années 2000 The Ketchup Song (Las Ketchup)
5%
Années 2010 Thrift Shop (Macklemore & Ryan Lewis feat. Wanz)
5%
Années 1990 Tic, tic tac (Carrapicho)
5%
Années 2010 Tik Tok (Ke$ha)
5%
Années 2010 Toujours debout (Renaud)
5%
Années 2000 Toutes les femmes de ta vie (L5)
5%
Années 1990 Une femme avec une femme (Mécano)
5%
Années 2000 Un enfant de toi (Marlène Duval & Phil Barney)
5%
Années 2000 Un monde parfait (Ilona Mitrecey)
5%
Années 2010 Uptown Funk (Mark Ronson feat. Bruno Mars)
5%
Années 1990 Wannabe (Spice Girls)
5%
Années 2000 We Are The Champions (Crazy Frog)
5%
Années 1990 Wind of Change (Scorpions)
5%
Années 2000 Womanizer (Britney Spears)
5%
Années 1990 Words (The Christians)
5%
Années 2000 Yeah! (Usher feat. Lil Jon & Ludacris)
5%
Années 1990 Yeha noha (Sacred Spirit)
5%
Années 2010 24K Magic (Bruno Mars)
2%
Années 2010 Ai, Se eu te Pego (Michel Telo)
2%
Années 2010 Always Remember Us This Way (Lady Gaga)
2%
Années 2010 Au DD (PNL)
2%
Années 2000 Axel F (Crazy Frog)
2%
Années 2000 Beggin' (Madcon)
2%
Années 2010 Bella ciao (Naestro feat. Maître Gims & Vitaa & Dadju & Slimane)
2%
Années 2010 Blurred Lines (Robin Thicke feat. T.I & Pharrell Williams)
2%
Années 2000 Call on Me (Eric Prydz)
2%
Années 2000 Can't Get You Out of My Head (Kylie Minogue)
2%
Années 2010 Can't Stop the Feeling! (Justin Timberlake)
2%
Années 2010 Celui... (Colonel Reyel)
2%
Années 2010 Cheerleader (OMI)
2%
Années 1990 Con te partirò (Andrea Bocelli)
2%
Années 2000 Cum-cum mania (Félicien)
2%
Années 2010 Dance Monkey (Tones and I)
2%
Années 2000 De temps en temps (Grégory Lemarchal)
2%
Années 2000 Lorna (Papi chulo)
2%
Années 2010 Drag me Down (One Direction)
2%
Années 2000 Dragosta din tei (O-Zone)
2%
Années 2010 Elle me dit (Mika)
2%
Années 2010 Encore un soir (Céline Dion)
2%
Années 2000 Entre nous (Chimène Badi)
2%
Années 2000 Façon Sex (Tribal King)
2%
Années 2010 Faded (Alan Walker feat. Iselin Solheim)
2%
Années 2000 Family Affair (Mary J. Blige)
2%
Années 2010 Feels (Calvin Harris feat. Pharrell Williams & Katy Perry & Big Sean)
2%
Années 2020 Fever (Dua Lipa feat. Angèle)
2%
Années 2000 Gimme! Gimme! Gimme! (Star Academy 1)
2%
Années 2010 Girls Like You (Maroon 5 feat. Cardi B)
2%
Années 2000 Hasta la vista (MC Solaar)
2%
Années 2010 I Don't Care (Ed Sheeran & Justin Bieber)
2%
Années 2010 I Feel It Coming (The Weeknd feat. Daft Punk)
2%
Années 1980 I Just Called to Say I Love You (Stevie Wonder)
2%
Années 2000 I Know You Want Me (Pitbull)
2%
Années 2000 Il avait les mots (Sheryfa Luna)
2%
Années 2000 Il y a trop de gens qui t'aiment (Hélène Segara)
2%
Années 2000 Inch'Allah (MC Solaar)
2%
Années 2000 It Wasn't Me (Shaggy feat. Ricardo "Rikrok" Ducent)
2%
Années 2000 J'ai tout oublié (Marc Lavoine & Cristina Marocco)
2%
Années 2010 J'en parlerai au diable (Johnny Hallyday)
2%
Années 1990 Killing Me Softly (Fugees)
2%
Années 1990 La copa de la vida (Ricky Martin)
2%
Années 2000 Laissez-moi danser (Star Academy 4)
2%
Années 2000 L'Alizé (Alizée)
2%
Années 2000 Le Frunkp (Alphonse Brown)
2%
Années 2010 Le Lac (Julien Doré)
2%
Années 1990 Let a Boy Cry (Gala)
2%
Années 2010 Let Me Love You (DJ Snake feat. Justin Bieber)
2%
Années 2000 Liasse parler les gens (Jocelyne Labylle & Cheela feat. Jacob Desvarieux & Passi)
2%
Années 2000 Living on Video (Pakito)
2%
Années 1990 Mais qui est la belette? (Manau)
2%
Années 2010 Man Down (Rihanna)
2%
Années 2000 Ma philosophie (Amel Bent)
2%
Années 2000 Maria Maria (Santana feat. The Product G&B)
2%
Années 2000 Marly-Gomont (Kamini)
2%
Années 2010 Mignon, Mignon (René la Taupe)
2%
Années 2000 Mon étoile (Linkup)
2%
Années 2010 Mwaka Moon (Kalash feat. Damso)
2%
Années 2020 Nos célébrations (Indochine)
2%
Années 2000 No Stress (Laurent Wolf feat. Eric Carter)
2%
Années 2010 One Dance (Drake feat. Wizkid & Kyla)
2%
Années 2010 Over The Rainbow (Iz)
2%
Années 2000 Plus haut (Whatfor)
2%
Années 2000 Popcorn (Crazy Frog)
2%
Années 2010 Prayer in C (Lilly Wood and the Prick & Robin Schulz)
2%
Années 2000 Qui est l'exemple? (Rohff feat. Kayliah)
2%
Années 2000 Rayon de soleil (William Baldé)
2%
Années 2000 Relax, Take It Easy (Mika)
2%
Années 2010 Runnin' (Naughty Boy feat. Beyoncé & Arrow Benjamin)
2%
Années 2000 Sex Bomb (Tom Jones & Mousse T)
2%
Années 2000 Si demain... (Kareen Antonn & Bonnie Tyler)
2%
Années 1990 Soirée disco (Boris)
2%
Années 1990 Spaceman (Babylon Zoo)
2%
Années 2000 Sur un air latino (Lorie)
2%
Années 2010 Tacata' (Tacabro)
2%
Années 1990 The X-Files (Mark Snow)
2%
Années 2010 This One's for You (David Guetta feat. Zara Larsson)
2%
Années 2000 Tired of Being Sorry (Enrique Iglesias feat. Nâdiya)
2%
Années 2000 Tous ensemble (Johnny Hallyday)
2%
Années 1990 Tu ne m'as pas laissé le temps (David Hallyday)
2%
Années 2010 Un été français (Indochine)
2%
Années 2000 Up and down (Les Lofteurs)
2%
Années 1990 Vivo per lei (Andrea Bocelli & Hélène Ségara)
2%
Années 1990 You Are Not Alone (Michael Jackson)
2%
Années 2000 You Rock My World (Michael Jackson)
2%
Années 2000 Adieu monsieur le professeur (Star Academy 4)
0%
Années 2000 Ah… si tu pouvais fermer ta gueule (Patrick Sebastien)
0%
Années 2010 Allez ola olé (Jessy Matador)
0%
Années 2010 A l'ombre (Mylène Farmer)
0%
Années 2000 Appelle mon numéro (Mylène Farmer)
0%
Années 2000 Aux arbres citoyens (Yannick Noah)
0%
Années 2020 A Vava Inouva (Idir)
0%
Années 2000 Baila morena (Zucchero & Maná)
0%
Années 2000 Balance-toi (Tony Parker)
0%
Années 2010 Bara Bará Bere Berê (Alex Ferrari)
0%
Années 2000 Beautiful Liar (Beyoncé & Shakira)
0%
Années 2000 Bleeding Love (Leona Lewis)
0%
Années 2010 Bleu noir (Mylène Farmer)
0%
Années 2010 Blinding Lights (The Weeknd)
0%
Années 2000 Ca n'finira jamais (Johnny Hallyday)
0%
Années 2010 Catch and Release (Matt Simons)
0%
Années 2000 C'est dans l'air (Mylène Farmer)
0%
Années 2010 City of Love (Mylène Farmer)
0%
Années 2010 Come and Get Your Love (Redbone)
0%
Années 2010 Debout pour danser (Collectif Métissé)
0%
Années 2000 Dégénération (Mylène Farmer)
0%
Années 2010 Des larmes (Mylène Farmer)
0%
Années 2010 Désobéissance (Mylène Farmer)
0%
Années 2020 Deux sortes d'hommes (Johnny Hallyday)
0%
Années 2010 Dimanche soir (Grand Corps Malade)
0%
Années 2010 Dingue, dingue, dingue (Christophe Maé)
0%
Années 2010 DKR (Booba)
0%
Années 2010 Don't Be So Shy (Imany)
0%
Années 2010 Down The Road (C2C)
0%
Années 2010 É.L.É.P.H.A.N.T. (Booba)
0%
Années 2010 El perdon (Nicky Jam & Enrique Iglesias)
0%
Années 2020 Et demain ? (Et demain ? Le Collectif)
0%
Années 2000 Et s'il n'en restait qu'une (Céline Dion)
0%
Années 2000 Four to the Floor (Starsailor)
0%
Années 2000 Gentleman (Tragedie)
0%
Années 2010 Gettin' Over You (David Guetta & Chris Willis feat. Fergie & LMFAO)
0%
Années 2020 Habibi (Kendji Girac)
0%
Années 2010 Hallejujah (Leonard Cohen)
0%
Années 2010 Heartbeat (Richard Orlinski & Eva Simons)
0%
Années 2000 Hé, biloute! Monte l'son! Hein! (Ch'ti DJ)
0%
Années 2000 Infinity 2008 (Guru Josh Project)
0%
Années 2000 J'aimerais tellement (Jena Lee)
0%
Années 2010 Just Can't Get Enough (The Black Eyed Peas)
0%
Années 2000 J'voulais (Amine)
0%
Années 2000 Kamaté (Ora Maté)
0%
Années 2010 Karma Girls (Indochine)
0%
Années 2010 Katchi (Ofenbach vs Nick Waterhouse)
0%
Années 2000 Lady Melody (Tom Frager & Gwayav')
0%
Années 2000 La Loi du silence (Johnny Hallyday)
0%
Années 2020 L'Ame dans l'eau (Mylène Farmer)
0%
Années 2000 La Rivière de notre enfance (Garou & Michel Sardou)
0%
Années 2010 La vie est belle (Indochine)
0%
Années 2010 Leave a Light On (Tom Walker)
0%
Années 2020 Le Coeur en deux (Johnny Hallyday)
0%
Années 2020 Les mots bleus (Christophe)
0%
Années 2020 Life Goes On (BTS)
0%
Années 2000 Like a Hobo (Charlie Winston)
0%
Années 2020 Living in a Ghost Town (The Rolling Stones)
0%
Années 2010 Lonely Lisa (Mylène Farmer)
0%
Années 2010 Lost on You (LP)
0%
Années 2010 Marvin Gaye (Charlie Puth feat. Meghan Trainor)
0%
Années 2000 Même pas fatigué (Magic System & Khaled)
0%
Années 2000 Miracle (Cascada)
0%
Années 2000 Modern Times (J-Five feat. Charlie Chaplin)
0%
Années 2000 Mon pays (Faudel)
0%
Années 2000 Mon plus beau Noel (Johnny Hallyday)
0%
Années 2010 MOWGLI II (PNL)
0%
Années 2010 Music Sounds Better with You (Stardust)
0%
Années 2000 Nolwenn Ohwo ! (Nolwenn Leroy)
0%
Années 2010 No Roots (Alice Merton)
0%
Années 2010 N'oublie pas (Mylène Farmer & LP)
0%
Années 2000 Obsesion (Aventura)
0%
Années 2010 OKLM (Booba)
0%
Années 2010 Old Town Road (Lil Nas X)
0%
Années 2020 On fait comme si (Calogero)
0%
Années 2010 Oui, mais non... (Mylène Farmer)
0%
Années 2000 Papa Pingouin (Pigloo)
0%
Années 2000 Pas le temps (Faf Larage)
0%
Années 2010 Perfect Illusion (Lady Gaga)
0%
Années 2020 Pour les gens du secours (Florent Pagny & Pascal Obispo & Marc Lavoine)
0%
Années 2010 Pour un infidèle (Cœur de pirate & Julien Doré)
0%
Années 2000 Quelque part (Sheryfa Luna)
0%
Années 1990 Rhytm Is a Dancer (Snap!)
0%
Années 2010 Rolling Stone (Mylène Farmer)
0%
Années 2000 Say It Right (Nelly Furtado)
0%
Années 2010 Scream and Shout (Will.i.am & Britney Spears)
0%
Années 2000 Sextonik (Mylène Farmer)
0%
Années 2000 Si j'avais au moins... (Mylène Farmer)
0%
Années 2000 Slipping Away (Moby & Mylène Farmer)
0%
Années 2010 Somebody That I Used to Know (Gotye feat. Kimbra)
0%
Années 2010 Space Oddity (David Bowie)
0%
Années 2010 Starboy (The Weeknd feat. Daft Punk)
0%
Années 2010 Station 13 (Indochine)
0%
Années 2000 Stero Love (Edward Maya & Vika Jigulina)
0%
Années 2010 Stolen Car (Mylène Farmer & Sting)
0%
Années 2010 Stolen Dance (Milky Chance)
0%
Années 2010 Stole the Show (Kygo feat. Parson James)
0%
Années 2020 Stuck with U (Ariana Grande & Justin Bieber)
0%
Années 2020 Stupid Love (Lady Gaga)
0%
Années 2010 Summer 2015 (LEJ)
0%
Années 2010 Sweat (Snoop Dogg vs David Guetta)
0%
Années 2010 The Monter (Eminem feat. Rihanna)
0%
Années 2010 This Girl (Kungs vs Cookin' on 3 Burners feat. Kylie Auldist)
0%
Années 2010 Toutes les nuits (Colonel Reyel)
0%
Années 2010 Truth or Dare (Sena Kana)
0%
Années 2010 Un arc-en-ciel (Bénabar & Patrick Bruel & Cali & Marina)
0%
Années 2010 Vandaag (Bakermat)
0%
Années 2010 We Found Love (Rihanna feat. Calvin Harris)
0%
Années 2000 Zidane y va marquer (Cauet)
0%
Aucun quiz correspondant
Distribution des résultats
% des personnes avec chaque résultat
Percentile par nombre de réponses
Votre historique - résultats
Vous n’avez pas pris ce quiz